Politics of Quality in Education (Record no. 19550)

MARC details
000 -LEADER
fixed length control field 00759nam a2200121Ia 4500
008 - FIXED-LENGTH DATA ELEMENTS--GENERAL INFORMATION
fixed length control field 220616s9999||||xx |||||||||||||| ||und||
245 #0 - TITLE STATEMENT
Title Politics of Quality in Education
Remainder of title A Comparative Study of Brazil, China, and Russia
546 ## - LANGUAGE NOTE
Language note English[eng]
650 ## - SUBJECT ADDED ENTRY--TOPICAL TERM
Topical term or geographic name entry element russia||political relations||qae||political space||political situation||political possibilities||brazil||quality||education||china||Instituto Nacional de Estudos e Pesquisas Educacionais Anísio Teixeira
700 ## - ADDED ENTRY--PERSONAL NAME
Personal name Kauko, Jaakko||Takala, Tuomas||Rinne, Risto
856 ## - ELECTRONIC LOCATION AND ACCESS
Uniform Resource Identifier <a href="https://library.oapen.org/bitstream/20.500.12657/30180/1/648937.pdf||https://library.oapen.org/bitstream/20.500.12657/30180/1/648937.pdf||https://library.oapen.org/bitstream/20.500.12657/30180/1/648937.pdf">https://library.oapen.org/bitstream/20.500.12657/30180/1/648937.pdf||https://library.oapen.org/bitstream/20.500.12657/30180/1/648937.pdf||https://library.oapen.org/bitstream/20.500.12657/30180/1/648937.pdf</a>
942 ## - ADDED ENTRY ELEMENTS (KOHA)
Koha item type E-Books
Holdings
Withdrawn status Lost status Damaged status Not for loan Home library Current library Date acquired Total Checkouts Date last seen Price effective from Koha item type
        Kerala University of Digital Sciences, Innovation and Technology Knowledge Centre Kerala University of Digital Sciences, Innovation and Technology Knowledge Centre 16/06/2022   16/06/2022 16/06/2022 E-Books